[Event "TCh-FRA Top 12 2018"]
[Site "Brest FRA"]
[Date "2018.05.30"]
[Round "5.2"]
[Board "7"]
[White "Leroy, Didier"]
[Black "Burri, Quentin"]
[Result "1/2-1/2"]
[WhiteTitle "IM"]
[BlackTitle "FM"]
[WhiteElo "2297"]
[BlackElo "2434"]
[WhiteTeam "Evry Grand Roque"]
[BlackTeam "MULHOUSE Philidor"]
[WhiteFideId "610950"]
[BlackFideId "26028654"]
[EventDate "2018.05.26"]

1. d4 d5 2. c4 c6 3. cxd5 cxd5 4. Nc3 Nf6 5. Nf3 Nc6 6. Bf4 Bf5 7. e3 a6 8. Bd3
Bxd3 9. Qxd3 e6 10. O-O Be7 11. h3 O-O 12. Rfc1 Rc8 13. Nd2 Nd7 14. a3 b5 15. b4
Nb6 16. Nb3 Nc4 17. Nc5 Bxc5 18. bxc5 Qe7 19. Bg3 Rfd8 20. a4 b4 21. Ne4 b3 22.
Rxc4 dxc4 23. Qxc4 Na5 24. Qxa6 Ra8 25. Qb5 e5 26. dxe5 Qe6 27. Rb1 Rdb8 28. Qd3
b2 29. Ng5 Qg6 30. Qxg6 fxg6 31. e6 Rb4 32. Be5 Nc4 33. Bd4 Rbxa4 34. Rxb2 Nxb2
35. Bxb2 Rc4 36. Bd4 Re8 37. Kh2 h6 38. Nf3 Rxe6 39. Kg3 g5 40. Ne5 Rc2 41. Nd3
Re8 42. Nb4 Rc4 43. Nd5 Kf7 44. Nc3 Rd8 45. Nb5 Kg6 46. Nd6 Rc2 47. e4 Rf8 48.
e5 Rf4 49. Be3 Rb4 50. Kf3 Ra4 51. g4 Ra5 52. Ke4 Rcxc5 53. Bxc5 Rxc5 54. f4
gxf4 55. Kxf4 Rc1 56. h4 Rf1+ 57. Ke4 Rh1 58. Nf5 Re1+ 59. Kf4 Kf7 60. h5 Rf1+
61. Ke4 Re1+ 62. Kf4 Rf1+ 63. Ke4 Rg1 64. Kf4 g5+ 65. hxg6+ Kxg6 66. Nh4+ Kf7
67. Nf5 Rh1 68. Nd4 Rf1+ 69. Ke4 Kg6 70. Nf3 Ra1 71. Kd5 Ra3 72. Nd4 Re3 73. Nf5
Re1 74. e6 Kg5 75. e7 Kxg4 76. Nxh6+ Kh5 77. Kd6 Kxh6 78. Kd7 Rd1+ 79. Kc7 Re1
80. Kd7 1/2-1/2

[Event "TCh-FRA Top 12 2018"]
[Site "Brest FRA"]
[Date "2018.05.30"]
[Round "5.2"]
[Board "8"]
[White "Haussernot, Cecile"]
[Black "Manouck, Thierry"]
[Result "0-1"]
[WhiteTitle "WIM"]
[BlackTitle "IM"]
[WhiteElo "2189"]
[BlackElo "2195"]
[WhiteTeam "MULHOUSE Philidor"]
[BlackTeam "Evry Grand Roque"]
[WhiteFideId "601632"]
[BlackFideId "600873"]
[EventDate "2018.05.26"]

1. e4 c6 2. d4 d5 3. f3 g6 4. Nc3 Bg7 5. Be3 Qb6 6. Qd2 Qxb2 7. Rb1 Qa3 8. exd5
Nf6 9. dxc6 bxc6 10. Bf4 Nbd7 11. Bc4 Nb6 12. Bb3 O-O 13. Nge2 Ba6 14. O-O Rad8
15. Qe1 Rd7 16. Bc1 Qa5 17. Bd2 Nc4 18. Bxc4 Bxc4 19. Rb2 Qa6 20. Qf2 c5 21. Be3
Bxe2 22. Nxe2 Nd5 23. Bc1 cxd4 24. Nxd4 Nc3 25. Nb3 Ne2+ 26. Kh1 Nxc1 27. Nc5
Qc6 28. Nxd7 Qxd7 29. Rb1 Nxa2 30. c4 Nc3 31. Rbc1 Rc8 32. Rc2 Rxc4 33. Rfc1 Qc7
34. Qd2 h5 35. Qd3 a5 36. Re1 Bf6 37. Rb1 Kg7 38. Ra1 Rh4 39. h3 a4 40. Rac1 Rc4
41. Ra1 Rc5 42. Ra3 Qg3 43. Qe3 Re5 0-1

[Event "TCh-FRA Top 12 2018"]
[Site "Brest FRA"]
[Date "2018.05.30"]
[Round "5.3"]
[Board "1"]
[White "Stevic, Hrvoje"]
[Black "David, Alberto"]
[Result "1/2-1/2"]
[WhiteTitle "GM"]
[BlackTitle "GM"]
[WhiteElo "2588"]
[BlackElo "2563"]
[WhiteTeam "NICE Alekhine"]
[BlackTeam "Les Tours de Haute Picardie, SAINT QUENTIN"]
[WhiteFideId "14502569"]
[BlackFideId "4000013"]
[EventDate "2018.05.26"]

1. e4 c5 2. c3 Nf6 3. e5 Nd5 4. Nf3 e6 5. Bc4 d6 6. d4 cxd4 7. cxd4 Be7 8. O-O
Nc6 9. exd6 Qxd6 10. Nc3 O-O 11. Re1 Nf6 12. Bb3 Rd8 13. Nb5 Qb4 14. a4 Bf8 15.
Bd2 Qe7 16. Bf4 Qb4 17. Rc1 a6 18. Rc4 Qe7 19. Nc7 Ra7 20. h3 Na5 21. Rc3 Nxb3
22. Qxb3 Qb4 23. Rec1 Bd7 24. Qxb4 Bxb4 25. Rc4 Bf8 26. a5 Bc6 27. Ne5 Bd5 28.
R4c2 h6 29. f3 Bb4 30. Bd2 Bd6 31. b4 Bb3 32. Rb2 Ba4 33. Nd3 Bxc7 34. Rxc7 Nd5
35. Rc1 1/2-1/2

[Event "TCh-FRA Top 12 2018"]
[Site "Brest FRA"]
[Date "2018.05.30"]
[Round "5.3"]
[Board "3"]
[White "Gharamian, Tigran"]
[Black "Colin, Vincent"]
[Result "1-0"]
[WhiteTitle "GM"]
[BlackTitle "IM"]
[WhiteElo "2614"]
[BlackElo "2386"]
[WhiteTeam "NICE Alekhine"]
[BlackTeam "Les Tours de Haute Picardie, SAINT QUENTIN"]
[WhiteFideId "13301527"]
[BlackFideId "612324"]
[EventDate "2018.05.26"]

1. e4 c5 2. Nf3 Nc6 3. Bb5 g6 4. Bxc6 dxc6 5. d3 Bg7 6. h3 Nf6 7. Nc3 Nd7 8. Be3
e5 9. Qd2 h6 10. Nh2 Qe7 11. O-O Nf8 12. f4 exf4 13. Bxf4 Ne6 14. Bg3 Nd4 15.
Rae1 O-O 16. e5 Bf5 17. Ne4 h5 18. Nd6 Be6 19. Bf4 f6 20. exf6 Rxf6 21. c3 g5
22. Be5 Rxf1+ 23. Nxf1 Nf5 24. Nxf5 Bxf5 25. Bxg7 Qxg7 26. Ng3 Rf8 27. Nxh5 Qg6
28. Ng3 Bxd3 29. Re5 Rf4 30. h4 Rg4 31. h5 Qd6 32. Rxg5+ Rxg5 33. Qxg5+ Kh7 34.
Qe3 c4 35. Ne4 Qh6 36. Ng5+ Kg8 37. Qe8+ Kg7 38. Qe7+ Kg8 39. g4 Be2 40. Qf7+
Kh8 41. Qe8+ Kg7 42. Ne6+ Kh7 43. g5 1-0

[Event "TCh-FRA Top 12 2018"]
[Site "Brest FRA"]
[Date "2018.05.30"]
[Round "5.3"]
[Board "4"]
[White "Godart, Francois"]
[Black "Rambaldi, Francesco"]
[Result "1/2-1/2"]
[WhiteTitle "IM"]
[BlackTitle "GM"]
[WhiteElo "2420"]
[BlackElo "2556"]
[WhiteTeam "Les Tours de Haute Picardie, SAINT QUENTIN"]
[BlackTeam "NICE Alekhine"]
[WhiteFideId "208078"]
[BlackFideId "20657307"]
[EventDate "2018.05.26"]

1. d4 d5 2. c4 e6 3. Nf3 Nf6 4. g3 Bb4+ 5. Bd2 Be7 6. Bg2 O-O 7. O-O Nbd7 8. Qc2
c6 9. Bf4 b6 10. Rd1 Bb7 11. Ne5 Nxe5 12. dxe5 Nd7 13. cxd5 exd5 14. e4 d4 15.
Rxd4 Bc5 16. Rd2 Qe7 17. Nc3 Nxe5 18. Rad1 Rfe8 19. a3 g5 20. Bxe5 Qxe5 21. Ne2
Qf6 22. Nd4 Rad8 23. Nf5 Bc8 24. Rxd8 Rxd8 25. Rxd8+ Qxd8 26. b4 Bxf5 27. exf5
Be7 28. Qxc6 a5 29. bxa5 bxa5 30. a4 Kg7 31. Bd5 Qd6 32. Qb5 Bd8 33. Bb3 Qf6 34.
Qd5 h6 35. Kg2 Bb6 36. Kh3 Bd8 37. Kg2 Bb6 38. Bc4 Bd8 1/2-1/2

[Event "TCh-FRA Top 12 2018"]
[Site "Brest FRA"]
[Date "2018.05.30"]
[Round "5.3"]
[Board "5"]
[White "Demuth, Adrien"]
[Black "Marcelin, Cyril"]
[Result "1/2-1/2"]
[WhiteTitle "GM"]
[BlackTitle "GM"]
[WhiteElo "2542"]
[BlackElo "2462"]
[WhiteTeam "NICE Alekhine"]
[BlackTeam "Les Tours de Haute Picardie, SAINT QUENTIN"]
[WhiteFideId "642274"]
[BlackFideId "607274"]
[EventDate "2018.05.26"]

1. c4 Nf6 2. Nf3 c5 3. b3 e6 4. g3 Nc6 5. Bb2 d5 6. cxd5 exd5 7. Bg2 Bg4 8. O-O
Be7 9. d4 O-O 10. dxc5 Bxc5 11. Nc3 a6 12. h3 Bh5 13. Na4 Ba7 14. Bxf6 gxf6 15.
Rc1 Qd6 16. Kh1 Rfe8 17. Qd2 Rad8 18. e3 b5 19. Nc3 d4 20. Nxd4 Nxd4 21. exd4
Qxd4 22. Qxd4 Bxd4 23. Kg1 Kg7 24. Nd5 Rd6 25. Rfe1 Re5 26. Nf4 Bg6 27. Nxg6
hxg6 28. Rxe5 fxe5 29. Rc6 Rxc6 1/2-1/2

[Event "TCh-FRA Top 12 2018"]
[Site "Brest FRA"]
[Date "2018.05.30"]
[Round "5.3"]
[Board "6"]
[White "Cappon, John"]
[Black "Lagarde, Maxime"]
[Result "0-1"]
[BlackTitle "GM"]
[WhiteElo "2145"]
[BlackElo "2604"]
[WhiteTeam "Les Tours de Haute Picardie, SAINT QUENTIN"]
[BlackTeam "NICE Alekhine"]
[WhiteFideId "608459"]
[BlackFideId "662399"]
[EventDate "2018.05.26"]

1. e4 g6 2. d4 Bg7 3. Nc3 d6 4. Bg5 a6 5. Qd2 Nd7 6. f4 b5 7. O-O-O Bb7 8. e5
Nb6 9. Bd3 Qd7 10. Nf3 e6 11. Ne4 Bd5 12. Rhe1 Qc6 13. Kb1 Rb8 14. Ka1 Na4 15.
c3 Bxe4 16. Bxe4 d5 17. Bd3 h6 18. Bh4 Ne7 19. Bxe7 Kxe7 20. g4 Bf8 21. f5 Kd8
22. fxg6 fxg6 23. Nh4 b4 24. Nxg6 bxc3 25. bxc3 Ba3 26. Rb1 Bb2+ 27. Rxb2 Rxb2
28. Qxb2 Nxb2 29. Kxb2 Rg8 30. Rf1 Rxg6 0-1

[Event "TCh-FRA Top 12 2018"]
[Site "Brest FRA"]
[Date "2018.05.30"]
[Round "5.3"]
[Board "7"]
[White "Flear, Glenn C"]
[Black "Bolon, Karelle"]
[Result "1-0"]
[WhiteTitle "GM"]
[BlackTitle "WFM"]
[WhiteElo "2444"]
[BlackElo "1994"]
[WhiteTeam "NICE Alekhine"]
[BlackTeam "Les Tours de Haute Picardie, SAINT QUENTIN"]
[WhiteFideId "400165"]
[BlackFideId "634514"]
[EventDate "2018.05.26"]

1. d4 d5 2. c4 c6 3. Nf3 e6 4. Qc2 Bd6 5. g3 f5 6. Bg2 Nf6 7. O-O Nbd7 8. b3 Qe7
9. cxd5 cxd5 10. Nc3 a6 11. Bf4 Ba3 12. Nb1 Bb4 13. a3 Bd6 14. Bxd6 Qxd6 15. Rc1
O-O 16. Qc7 Qe7 17. Nbd2 Ne8 18. Qf4 h6 19. h4 a5 20. Rc3 Nd6 21. Ne5 g5 22.
hxg5 hxg5 23. Qe3 Nxe5 24. Qxe5 Nf7 25. Qc7 Qf6 26. e3 Nd8 27. Nf3 Rf7 28. Qe5
Qe7 29. Rac1 Nc6 30. Rxc6 bxc6 31. Rxc6 Bd7 32. Rc5 Rc8 33. Rxa5 Rc1+ 34. Bf1
Rh7 35. Ra8+ Kf7 36. Rh8 Kg6 37. Rg8+ Rg7 38. Qxg7+ Qxg7 39. Ne5+ Kh6 40. Rxg7
Kxg7 41. Nxd7 Kf7 42. Nc5 Ke7 43. b4 Rb1 44. Kg2 Kd6 45. Bd3 Rb2 46. Ba6 e5 47.
dxe5+ 1-0

[Event "TCh-FRA Top 12 2018"]
[Site "Brest FRA"]
[Date "2018.05.30"]
[Round "5.4"]
[Board "1"]
[White "Hamitevici, Vladimir"]
[Black "Efimov, Igor"]
[Result "0-1"]
[WhiteTitle "GM"]
[BlackTitle "GM"]
[WhiteElo "2508"]
[BlackElo "2413"]
[WhiteTeam "VANDOEUVRE-Echecs"]
[BlackTeam "C.E.M.C. Monaco"]
[WhiteFideId "13902393"]
[BlackFideId "806404"]
[EventDate "2018.05.26"]

1. e4 g6 2. d4 Bg7 3. Nf3 d6 4. c3 Nf6 5. Bd3 O-O 6. O-O Nc6 7. Re1 e5 8. h3 Bd7
9. Na3 Nh5 10. Nc2 h6 11. Be3 a6 12. a4 a5 13. Na3 Qe8 14. Nb5 Rc8 15. Qd2 Kh7
16. d5 Ne7 17. g4 f5 18. gxh5 f4 19. Ba7 Bxh3 20. Bf1 Qd7 21. Kh1 Bxf1 22. Rxf1
Qh3+ 23. Nh2 f3 24. Rg1 Rf4 25. Rg3 Qxh5 26. Qd1 b6 27. Qg1 Rxe4 28. Rxf3 Rh4
29. Rf7 Nxd5 30. c4 Nf6 31. f3 e4 32. Re1 Kg8 33. Re7 Qxf3+ 34. Qg2 Ng4 0-1

[Event "TCh-FRA Top 12 2018"]
[Site "Brest FRA"]
[Date "2018.05.30"]
[Round "5.4"]
[Board "2"]
[White "Kosten, Anthony C."]
[Black "Bailet, Pierre"]
[Result "0-1"]
[WhiteTitle "GM"]
[BlackTitle "IM"]
[WhiteElo "2448"]
[BlackElo "2501"]
[WhiteTeam "C.E.M.C. Monaco"]
[BlackTeam "VANDOEUVRE-Echecs"]
[WhiteFideId "400114"]
[BlackFideId "655830"]
[EventDate "2018.05.26"]

1. c4 e5 2. Nc3 Nc6 3. e3 Nf6 4. Nf3 Be7 5. d4 exd4 6. Nxd4 O-O 7. Be2 Bb4 8.
O-O Bxc3 9. bxc3 d6 10. c5 Ne4 11. Nxc6 bxc6 12. Bf3 Nxc5 13. Bxc6 Rb8 14. Ba3
Ba6 15. Bxc5 dxc5 16. Re1 Qf6 17. Bf3 Qxc3 18. Rc1 Qb4 19. Qc2 Rb5 20. a3 Qxa3
21. Ra1 Qb4 22. Rec1 Ra5 23. Rxa5 Qxa5 24. Qxc5 Qxc5 25. Rxc5 Rb8 26. h4 c6 27.
Rxc6 Bb7 28. Rd6 Bxf3 29. gxf3 Kf8 30. Ra6 Ra8 31. f4 Ke7 32. Kg2 Kd7 33. Kf3
Kc7 34. e4 Kb7 35. Rd6 Rc8 36. e5 a5 37. Rd7+ Rc7 38. Rd4 Kc6 39. f5 Ra7 40. Ke4
a4 41. Rd6+ Kc7 42. Rd1 a3 43. Rc1+ Kd7 44. Rd1+ Ke7 45. h5 Ra4+ 46. Kd5 a2 47.
Ra1 Ra5+ 48. Kd4 Ra4+ 49. Kd5 Kd7 50. Kc5 g6 51. hxg6 hxg6 52. e6+ Ke7 53. exf7
g5 54. Kd5 Kxf7 55. Ke5 Ra5+ 56. Ke4 Kf6 57. Ke3 Kxf5 58. Kf3 Ra3+ 59. Ke2 Ke4
60. Kd2 Kf3 61. Ke1 g4 62. Kf1 Rb3 0-1

[Event "TCh-FRA Top 12 2018"]
[Site "Brest FRA"]
[Date "2018.05.30"]
[Round "5.4"]
[Board "3"]
[White "Solodovnichenko, Yuri"]
[Black "Cornette, Deimante"]
[Result "0-1"]
[WhiteTitle "GM"]
[BlackTitle "IM"]
[WhiteElo "2531"]
[BlackElo "2461"]
[WhiteTeam "VANDOEUVRE-Echecs"]
[BlackTeam "C.E.M.C. Monaco"]
[WhiteFideId "14104369"]
[BlackFideId "12802859"]
[EventDate "2018.05.26"]

1. e4 e5 2. Nf3 Nc6 3. Bb5 a6 4. Ba4 d6 5. c3 f5 6. exf5 Bxf5 7. O-O Bd3 8. Re1
Be7 9. Qb3 Rb8 10. Qd5 Bf5 11. d4 Nf6 12. Bxc6+ bxc6 13. Qxc6+ Bd7 14. Qxa6 e4
15. Ng5 Rb6 16. Qe2 d5 17. Bf4 O-O 18. a4 Ne8 19. a5 Rg6 20. Nxe4 Rxf4 21. Ng3
Re6 22. Qd2 Rff6 23. Re5 Bd6 24. Rxe6 Rxe6 25. a6 Qe7 26. f3 Bxg3 27. hxg3 Re2
28. Qd3 Re1+ 29. Kf2 Bb5 0-1

[Event "TCh-FRA Top 12 2018"]
[Site "Brest FRA"]
[Date "2018.05.30"]
[Round "5.4"]
[Board "4"]
[White "Villegas, Pierre"]
[Black "Donchenko, Alexander"]
[Result "0-1"]
[WhiteTitle "FM"]
[BlackTitle "GM"]
[WhiteElo "2345"]
[BlackElo "2587"]
[WhiteTeam "C.E.M.C. Monaco"]
[BlackTeam "VANDOEUVRE-Echecs"]
[WhiteFideId "654183"]
[BlackFideId "24603295"]
[EventDate "2018.05.26"]

1. d4 Nf6 2. c4 e6 3. Nc3 Bb4 4. e3 O-O 5. Bd3 b6 6. Ne2 d5 7. cxd5 exd5 8. O-O
Re8 9. Bd2 c6 10. Rc1 Bd6 11. Nf4 Na6 12. Nce2 Bb7 13. a3 Nc7 14. Ng3 g6 15. b4
Ne4 16. Be1 f5 17. Nge2 Qe7 18. Qb3 Kh8 19. Bb1 Qd7 20. f3 Nf6 21. Bd2 Ne6 22.
Nd3 Ba6 23. Rfe1 Bxd3 24. Bxd3 b5 25. Qc2 Rac8 26. Rcd1 Qg7 27. g3 Ng5 28. Kg2
Bb8 29. a4 Nge4 30. axb5 cxb5 31. Qb2 Nd6 32. Ra1 g5 33. Nc3 g4 34. f4 Qb7 35.
Ra5 a6 36. Rea1 Rc6 37. Qa2 Rec8 38. Nb1 Nfe4 39. Rxa6 Nxd2 40. Rxc6 Qxc6 41.
Qxd2 Nc4 42. Qe2 Re8 43. Bxc4 dxc4+ 44. Kg1 Bd6 45. Nc3 Bxb4 46. Qb2 Bxc3 47.
Qxc3 Kg8 48. Rb1 Ra8 49. Qb2 c3 50. Qc2 Qe4 51. Qb3+ Kh8 52. Re1 c2 53. Qf7 Rc8
54. Qf6+ Kg8 55. Qg5+ Kf7 56. Qh5+ Ke6 57. Qh6+ Kd5 58. Qxh7 Kc4 59. Qa7 Kb3 0-1

[Event "TCh-FRA Top 12 2018"]
[Site "Brest FRA"]
[Date "2018.05.30"]
[Round "5.4"]
[Board "5"]
[White "Cossin, Sebastien"]
[Black "Dornbusch, Tatiana"]
[Result "1-0"]
[WhiteTitle "IM"]
[BlackTitle "WGM"]
[WhiteElo "2498"]
[BlackElo "2290"]
[WhiteTeam "VANDOEUVRE-Echecs"]
[BlackTeam "C.E.M.C. Monaco"]
[WhiteFideId "618802"]
[BlackFideId "14107449"]
[EventDate "2018.05.26"]

1. d4 Nf6 2. c4 c5 3. d5 b5 4. cxb5 a6 5. e3 g6 6. Nc3 Bg7 7. a4 O-O 8. Nf3 e6
9. e4 Bb7 10. Be2 axb5 11. Bxb5 exd5 12. exd5 Re8+ 13. Be3 Ng4 14. O-O Rxe3 15.
fxe3 Nxe3 16. Qd2 Nxf1 17. Rxf1 Na6 18. d6 f6 19. h4 Nb4 20. h5 Ba6 21. hxg6
hxg6 22. Nd5 Bxb5 23. Ne7+ Kh7 24. axb5 Bf8 25. Ng5+ Kg7 26. Rxf6 Ra1+ 27. Kh2
Bxe7 28. Rf7+ Kg8 29. dxe7 Qc7+ 30. Qf4 Qxf4+ 31. Rxf4 Ra8 32. Nh7 Kxh7 33. Rf8
Nd5 34. Rxa8 Nxe7 35. b6 1-0

[Event "TCh-FRA Top 12 2018"]
[Site "Brest FRA"]
[Date "2018.05.30"]
[Round "5.4"]
[Board "6"]
[White "Ribbegren, Karl Johan"]
[Black "Philippe, Christophe"]
[Result "1-0"]
[BlackTitle "IM"]
[WhiteElo "2222"]
[BlackElo "2377"]
[WhiteTeam "C.E.M.C. Monaco"]
[BlackTeam "VANDOEUVRE-Echecs"]
[WhiteFideId "5400040"]
[BlackFideId "610038"]
[EventDate "2018.05.26"]

1. Nf3 c5 2. g3 Nc6 3. Bg2 g6 4. O-O Bg7 5. d3 d6 6. e4 e5 7. a3 Nge7 8. c3 O-O
9. b4 h6 10. b5 Na5 11. c4 f5 12. Bd2 f4 13. Qa4 b6 14. Bxa5 bxa5 15. Nc3 g5 16.
Nd2 Be6 17. Nd5 Ng6 18. Rab1 Rf7 19. b6 axb6 20. Nxb6 Rb8 21. Nd5 Rfb7 22. Rxb7
Rxb7 23. Rb1 Bd7 24. Qd1 Rxb1 25. Qxb1 Nf8 26. Qb7 Kh8 27. Nb6 Be8 28. Bh3 g4
29. Bxg4 fxg3 30. hxg3 Qg5 31. Qc8 Bg6 32. Nf3 Qc1+ 33. Kg2 Kh7 34. Nh4 Qb1 35.
Nxg6 Nxg6 36. Bf5 Qxb6 37. Bxg6+ 1-0

[Event "TCh-FRA Top 12 2018"]
[Site "Brest FRA"]
[Date "2018.05.30"]
[Round "5.4"]
[Board "7"]
[White "Steil-Antoni, Fiona"]
[Black "Meylan, Andre"]
[Result "0-1"]
[WhiteTitle "WIM"]
[WhiteElo "2200"]
[BlackElo "2179"]
[WhiteTeam "VANDOEUVRE-Echecs"]
[BlackTeam "C.E.M.C. Monaco"]
[WhiteFideId "4001249"]
[BlackFideId "1301225"]
[EventDate "2018.05.26"]

1. e4 Nf6 2. e5 Nd5 3. d4 d6 4. Bc4 Nb6 5. Bb3 dxe5 6. Qh5 e6 7. dxe5 a5 8. a4
Bd7 9. Nf3 Na6 10. O-O g6 11. Qh3 Bg7 12. Bg5 Qb8 13. Bh6 Kf8 14. Nc3 Nc5 15.
Rad1 Qe8 16. Rd4 Kg8 17. Rf4 Nd5 18. Bxg7 Kxg7 19. Bxd5 exd5 20. Qh4 Be6 21. Nb5
Rc8 22. Nbd4 h6 23. Qf6+ Kg8 24. Nxe6 Qxe6 25. Qh4 Re8 26. Re1 Qe7 27. Qg4 Qe6
28. Qg3 Ne4 29. Rfxe4 dxe4 30. Rxe4 Qa2 31. h4 Qb1+ 32. Kh2 Qxc2 33. Rf4 Qd3 34.
Rf6 Re6 35. Qf4 Rxf6 36. Qxf6 Qd7 37. b3 Kh7 38. Nd4 Re8 39. h5 Qe7 40. hxg6+
fxg6 41. Qxe7+ Rxe7 42. f4 c6 43. g3 Rd7 44. Ne6 Rd3 45. Nc5 Rd2+ 46. Kh3 b6 47.
Ne4 Rd3 48. Kg4 Rxb3 49. f5 Rb4 50. Kf4 gxf5 51. Kxf5 Rxe4 52. Kxe4 Kg7 53. Kd4 0-1

[Event "TCh-FRA Top 12 2018"]
[Site "Brest FRA"]
[Date "2018.05.30"]
[Round "5.4"]
[Board "8"]
[White "Nelis, Jean-Francois"]
[Black "Iglesias, Joachim"]
[Result "1-0"]
[WhiteElo "2141"]
[BlackElo "2249"]
[WhiteTeam "C.E.M.C. Monaco"]
[BlackTeam "VANDOEUVRE-Echecs"]
[WhiteFideId "623830"]
[BlackFideId "637823"]
[EventDate "2018.05.26"]

1. e4 d6 2. d4 Nf6 3. Nc3 g6 4. Be3 c6 5. Qd2 Nbd7 6. Nf3 Bg7 7. Bh6 O-O 8.
O-O-O Qa5 9. Kb1 b5 10. Bxg7 Kxg7 11. e5 dxe5 12. dxe5 Ng4 13. e6 Ndf6 14. exf7
b4 15. Ne2 Nxf2 16. Ned4 Nxh1 17. Bc4 Qc5 18. Be6 Rxf7 19. Bxc8 Qb6 20. Ne6+ Kh8
21. Ne5 Rg7 22. Qh6 Ne8 23. Bd7 Qb5 24. Nxg7 Nxg7 25. Nxg6+ Kg8 26. Nxe7+ 1-0

[Event "TCh-FRA Top 12 2018"]
[Site "Brest FRA"]
[Date "2018.05.30"]
[Round "5.5"]
[Board "1"]
[White "Tregubov, Pavel V."]
[Black "Safarli, Eltaj"]
[Result "1/2-1/2"]
[WhiteTitle "GM"]
[BlackTitle "GM"]
[WhiteElo "2578"]
[BlackElo "2657"]
[WhiteTeam "CLICHY Echecs 92"]
[BlackTeam "Metz Fischer"]
[WhiteFideId "4115341"]
[BlackFideId "13402129"]
[EventDate "2018.05.26"]

1. d4 Nf6 2. c4 e6 3. Nc3 Bb4 4. e3 O-O 5. Bd3 d5 6. a3 Bxc3+ 7. bxc3 e5 8. Ne2
e4 9. Bc2 dxc4 10. Ng3 Qd5 11. O-O Bf5 12. Nxf5 Qxf5 13. f3 Qd5 14. fxe4 Nxe4
15. Qg4 f5 16. Bxe4 Qxe4 17. Qxe4 fxe4 18. Rxf8+ Kxf8 19. Rb1 b6 20. Rb4 Ke7 21.
Rxc4 Kd6 22. d5 Na6 23. Rxe4 Kxd5 24. Rh4 Ke6 25. Kf1 Nc5 26. c4 Rd8 27. Bb2 Rd7
28. Bd4 Nb3 29. Rxh7 Nxd4 30. exd4 Rxd4 31. Rxg7 Rxc4 32. Ke2 Kf6 33. Rd7 a5 34.
Kd3 b5 35. a4 Rxa4 36. Rxc7 Ra2 37. Rc5 b4 38. Rb5 Ke6 39. h4 Rxg2 40. Ke4 1/2-1/2

[Event "TCh-FRA Top 12 2018"]
[Site "Brest FRA"]
[Date "2018.05.30"]
[Round "5.5"]
[Board "2"]
[White "Riazantsev, Alexander"]
[Black "Hamdouchi, Hicham"]
[Result "1/2-1/2"]
[WhiteTitle "GM"]
[BlackTitle "GM"]
[WhiteElo "2662"]
[BlackElo "2580"]
[WhiteTeam "Metz Fischer"]
[BlackTeam "CLICHY Echecs 92"]
[WhiteFideId "4125029"]
[BlackFideId "9000011"]
[EventDate "2018.05.26"]

1. d4 Nf6 2. c4 d6 3. Nc3 e5 4. d5 Bf5 5. f3 e4 6. Be3 h6 7. Nh3 Qe7 8. Qd2 Bxh3
9. gxh3 g6 10. Bg2 Bg7 11. O-O a6 12. fxe4 Nbd7 13. Rf2 Ne5 14. b3 Nfd7 15. Raf1 1/2-1/2

[Event "TCh-FRA Top 12 2018"]
[Site "Brest FRA"]
[Date "2018.05.30"]
[Round "5.5"]
[Board "3"]
[White "Fressinet, Laurent"]
[Black "Terrieux, Kevin"]
[Result "1-0"]
[WhiteTitle "GM"]
[BlackTitle "IM"]
[WhiteElo "2651"]
[BlackElo "2462"]
[WhiteTeam "CLICHY Echecs 92"]
[BlackTeam "Metz Fischer"]
[WhiteFideId "608742"]
[BlackFideId "622591"]
[EventDate "2018.05.26"]

1. d4 d5 2. Nf3 Nf6 3. c4 e6 4. Nc3 Bb4 5. Bg5 Nbd7 6. cxd5 exd5 7. e3 c5 8. Bd3
Qa5 9. O-O c4 10. Bf5 O-O 11. Qc1 Re8 12. Bh4 Bxc3 13. Qxc3 Qxc3 14. bxc3 Ne4
15. Bxe4 Rxe4 16. Rfb1 b6 17. a4 a5 18. Rb2 Bb7 19. Bg3 Re6 20. Nd2 Rc8 21. Bf4
f6 22. h4 g6 23. g4 Kg7 24. g5 f5 25. Nf3 Kf7 26. Kh2 Bc6 27. Kg3 Kg8 28. Rbb1
Kf7 29. Rh1 Kg8 30. h5 Nf8 31. Nh4 Be8 32. hxg6 hxg6 33. Nf3 Nh7 34. Rh6 Re7 35.
Rb1 Rb7 36. Be5 b5 37. axb5 a4 38. b6 a3 39. Rxh7 1-0

[Event "TCh-FRA Top 12 2018"]
[Site "Brest FRA"]
[Date "2018.05.30"]
[Round "5.5"]
[Board "4"]
[White "Antoniewski, Rafal"]
[Black "Van Foreest, Jorden"]
[Result "1/2-1/2"]
[WhiteTitle "GM"]
[BlackTitle "GM"]
[WhiteElo "2521"]
[BlackElo "2638"]
[WhiteTeam "Metz Fischer"]
[BlackTeam "CLICHY Echecs 92"]
[WhiteFideId "1111078"]
[BlackFideId "1039784"]
[EventDate "2018.05.26"]

1. Nf3 f5 2. g3 b6 3. Bg2 Bb7 4. O-O Nf6 5. b3 e6 6. Bb2 Be7 7. c4 O-O 8. d3 a5
9. Nc3 Na6 10. e4 fxe4 11. Ng5 Nc5 12. Ngxe4 Nfxe4 13. Nxe4 Nxe4 14. dxe4 a4 15.
Qd2 Rf7 16. f4 Ra7 17. h4 Qa8 1/2-1/2

[Event "TCh-FRA Top 12 2018"]
[Site "Brest FRA"]
[Date "2018.05.30"]
[Round "5.5"]
[Board "5"]
[White "Van Wely, Loek"]
[Black "Todorov, Todor"]
[Result "1-0"]
[WhiteTitle "GM"]
[BlackTitle "GM"]
[WhiteElo "2667"]
[BlackElo "2477"]
[WhiteTeam "CLICHY Echecs 92"]
[BlackTeam "Metz Fischer"]
[WhiteFideId "1000268"]
[BlackFideId "2903237"]
[EventDate "2018.05.26"]

1. d4 d6 2. Nf3 g6 3. c4 Bg7 4. Nc3 Nf6 5. g3 O-O 6. Bg2 Nbd7 7. O-O e5 8. e4
exd4 9. Nxd4 Re8 10. Re1 Nc5 11. h3 c6 12. Bf4 Nh5 13. Be3 a5 14. Qc2 a4 15.
Rad1 Qa5 16. g4 Nf6 17. f4 Bxg4 18. hxg4 Nxg4 19. Bh3 Nxe3 20. Rxe3 Qb6 21. Qf2
a3 22. b3 Bxd4 23. Rxd4 Nxb3 24. Rxd6 Qb4 25. e5 Nc5 26. Ne4 Nxe4 27. Rxe4 Rad8
28. Red4 Rxd6 29. exd6 Rd8 30. d7 Qe7 31. Qd2 f5 32. Rd6 Qe4 33. Bf1 Kg7 34.
Qc3+ Kh6 35. Rd4 Qe7 36. Rd2 g5 37. fxg5+ Kg6 38. c5 Qe6 39. Rd6 1-0